Hold On (Chord Overstreet) - Lyrics - Statistics

General Stats
  • This quiz has been taken 41 times
  • The average score is 211 of 238
Answer Stats
Lyrics % Correct
a
100%
all
100%
don't
100%
hear
100%
Chorus Hold
100%
I
100%
leave
100%
love
100%
me
100%
my
100%
need
100%
on
100%
Please
100%
want
100%
when
100%
you
100%
Pre-Chorus You
100%
and
96%
back
96%
Can
96%
Come
96%
I'm
96%
imagine
96%
Let
96%
let
96%
life
96%
still
96%
take
96%
world
96%
your
96%
bathroom
91%
can't
91%
feel
91%
go
91%
in
91%
screaming
91%
The
91%
the
91%
with
91%
yourself
91%
alone
87%
be
87%
fighting
87%
gone
87%
hand
87%
it
87%
locked
87%
Verse 1 Loving
87%
make
87%
swear
87%
to
87%
accusing
83%
"Baby
83%
demons
83%
floor
83%
I'd
83%
if
83%
I'll
83%
left
83%
lost
83%
Lying
83%
right
83%
break
78%
heartbeat
78%
home"
78%
home
78%
just
78%
know
78%
let's
78%
Let's
78%
made
78%
of
78%
pull
78%
so
78%
strong
78%
table
78%
that
78%
through
78%
wanna
78%
chaos
74%
denying
74%
not
74%
yeah
74%
Saying
70%
we're
70%
as
65%
bones
65%
forth
65%
from
65%
joy
65%
lay
65%
Pre-Chorus They
65%
chill
61%
escape
61%
highway
61%
Verse 2 Long
61%
nightmare
61%
you're
61%
away
57%
Driving
57%
shock
57%
took
57%
beside
52%
fading
52%
isn't
52%
light
52%
pace
52%
praying
52%
silent
52%
Hiding
48%
endless
43%
Helplessly
43%
No matching quizzes found
Score Distribution
Percent of People with Each Score
Percentile by Number Answered
Your Score History
You have not taken this quiz